Normal view
MARC view
- Calligraphy
Entry Topical Term
001 - CONTROL NUMBER
- control field: 28561
003 - CONTROL NUMBER IDENTIFIER
- control field: NUST
005 - DATE AND TIME OF LATEST TRANSACTION
- control field: 20200220113538.0
008 - FIXED-LENGTH DATA ELEMENTS
- fixed length control field: 200220|| aca||aabn | a|a d
040 ## - CATALOGING SOURCE
- Original cataloging agency: NUST
- Transcribing agency: NUST
150 ## - HEADING--TOPICAL TERM
- Topical term or geographic name entry element: Calligraphy
670 ## - SOURCE DATA FOUND
- Source citation: Work cat.: (NUST): Aftab Ahmad Khan 28558, Noon Wal-Qalam:, 2007.
